| 000 | 00577nam a22001577a 4500 | ||
|---|---|---|---|
| 999 |
_c10089 _d10089 |
||
| 008 | 180731b ||||| |||| 00| 0 eng d | ||
| 082 |
_22017 _aUT 0959 _bE74 |
||
| 100 |
_929788 _aEscabarte, Jerziel D. |
||
| 245 |
_aClassroom management of teachers and student engagement _cJerziel D. Escabarte, Rei Christine M. Miego |
||
| 260 |
_aDigos City : _bUMDC _c November 2017 |
||
| 300 |
_a22 pages ; _b29 cm. |
||
| 650 | 0 |
_929789 _aEducation _vElementary _xUndergradauate thesis. |
|
| 700 |
_929790 _aEscabarte, Jerziel D. |
||
| 700 |
_929791 _aMiego, Rei Christine M. |
||
| 942 |
_2ddc _cUT |
||